| 000 | 00711 a2200109 4500 | ||
|---|---|---|---|
| 020 | _a9780784409329 | ||
| 020 | _a0784409323 | ||
| 082 | _a629.04 ASC | ||
| 245 |
_aInternational Conference on Transportation Engineering 2007 : _bproceedings of the first international Conference, July 22-24, 2007, Southwest Jiaotong University, Chengdu, China / _csponsored by China Communications and Transportation Association, Transportation & Development Institute (T&DI) of the American Society of Civil Engineers, Mao Yisheng Science and Technology Education Fund ; edited by, Qiyuan Peng ... [et al.]. |
||
| 260 |
_aReston, Va. : _bAmerican Society of Civil Engineers, _c2007. |
||
| 300 |
_a4229P. : _bill. ; _c22 cm. |
||
| 650 | _aTransportation engineering | ||
| 999 |
_c1736 _d1736 |
||